Most Populated California Counties - Statistics

General Stats
  • This quiz has been taken 24 times
  • The average score is 13 of 15
Answer Stats
Population County % Correct
9,829,544 Los Angeles
100%
3,286,069 San Diego
100%
815,201 San Francisco
100%
2,458,395 Riverside
96%
2,194,710 San Bernardino
96%
3,167,809 Orange
91%
1,013,581 Fresno
87%
1,588,921 Sacramento
87%
1,885,508 Santa Clara
83%
1,648,556 Alameda
78%
839,784 Ventura
78%
1,161,413 Contra Costa
74%
917,673 Kern
70%
737,888 San Mateo
70%
789,410 San Joaquin
52%
No matching quizzes found
Score Distribution
Percent of People with Each Score
Percentile by Number Answered
Your Score History
You have not taken this quiz